000 00721nam a2200265Ia 4500
001 Para_6193
003 CHAP
008 220125s1893 xx 000 0 und d
010 _a204813
040 _cCHAP
082 _aPA-C 595.6 B65
100 _aBollman, Charles Harvey
_9170765
245 _aThe Myriapoda of North America /
_c by Charles Harvey Bollman
260 _aWashington :
_b National Museum
300 _a210 p.
440 _aU. S. National Museum Bulletin; 46
_9170766
650 _aMyriapoda
_9170767
901 _aPA-C 595.6 B65
902 _aA
905 _a0000001893 0000000000 00
910 _a1893
942 _cPARA
942 _cPARA
_d1
999 _c204813
_d204813